"Travel Man" All Places Visited - Statistics

General Stats
  • This quiz has been taken 35 times
    10 since last reset
  • The average score is 35 of 59
Answer Stats
Series Guest City % Correct
Series 5 Joe Lycett Amsterdam
89%
Series 1 Kathy Burke Barcelona
89%
Series 2 Roisin Conaty Berlin
89%
Series 6 Lee Mack Brussels
89%
Series 9 Joe Wilkinson Krakow
89%
Series 3 Adam Buxton Lisbon
89%
Series 2 Mel Giedroyc Paris
89%
Series 8 Nish Kumar Porto
89%
Series 5 Matt Lucas Rome
89%
Series 2 Chris O'Dowd Vienna
89%
Series 2 Noel Fielding Copenhagen
78%
Series 11 Mawaan Rizwan Dublin
78%
Series 9 Ellie Taylor Madrid
78%
Series 7 Morgana Robinson Milan
78%
Series 2 Greg Davies Moscow
78%
Series 6 Fay Ripley Oslo
78%
Series 12 Adam Buxton Prague
78%
Series 5 Sally Phillips Stockholm
78%
Series 8 Alice Levine Tallinn
78%
Series 2 Jo Brand Venice
78%
Series 8 Dawn French Athens
67%
Series 10 James Acaster Bilbao
67%
Series 9 Stephen Merchant Dubrovnik
67%
Series 3 Paul Rudd Helsinki
67%
Series 1 Adam Hills Istanbul
67%
Series 11 Asim Chaudhry Marseille
67%
Series 3 Jack Dee Naples
67%
Series 4 Rob Beckett Saint Petersburg
67%
Series 5 Sara Pascoe Valencia
67%
Series 3 Rebel Wilson Florence
56%
Series 8 Bob Mortimer Hamburg
56%
Series 1 Jessica Hynes Iceland
56%
Series 1 Stephen Mangan Marrakech
56%
Series 3 Katherine Ryan New York City
56%
Series 6 Shazia Mirza Nice
56%
Series 11 Roisin Conaty Salzburg
56%
Series 2 Rob Delaney Seville
56%
Series 10 Aisling Bea Split
56%
Series 7 Frank Skinner Zurich
56%
Series 10 Katherine Parkinson Antwerp
44%
Series 4 Aisling Bea Budapest
44%
Series 10 Mo Gilligan Cyprus
44%
Series 2 Johnny Vegas Dubai
44%
Series 5 Jon Hamm Hong Kong
44%
Series 7 Jessica Knappett Ibiza
44%
Series 6 Robert Webb Madeira
44%
Series 11 Sarah Millican Vilnius
44%
Series 7 David Baddiel Amman
33%
Series 9 Lou Sanders Bergen
33%
Series 7 Eddie Izzard Ljubljana
33%
Series 4 Rhod Gilbert Miami
33%
Series 6 Shazia Mirza Monaco
33%
Series 11 Stephen Mangan Rio de Janeiro
33%
Series 10 James Acaster San Sebastian
33%
Series 10 Bill Bailey Iceland
22%
Series 4 Lena Dunham Tenerife
22%
Series 12 Jessica Fostekew Lanzarote
11%
Series 12 Desiree Burch Rovaniemi
0%
Series 12 Alan Davies Trieste
0%
No matching quizzes found
Score Distribution
Percent of People with Each Score
Percentile by Number Answered
Your Score History
You have not taken this quiz since the last reset